000 00733nam a2200253Ia 4500
003 OSt
005 20221005062302.0
006 a|||||r|||| 00| 0
007 ta
008 221004b |||||||| |||| 00| 0 eng d
020 _a0415364655 (pbk)
_c1896.63
024 _a86832
037 _b11593, 16/03/2007, Govinda Book House
_cTextual
040 _aCRL
_cCRL
_beng
041 _2eng
_aeng
082 _aP:795:(Y), P6
100 _aCronin Michael
245 0 _aTranslation and identity
260 _aLondon
_bRoutledge UK
_c2006
300 _ax, 166p.
_ccm.
650 _aLINGUISTICS
942 _hP:795:(Y), P6
_cTEXL
_2cc
999 _c969456
_d969456